[Event "Grenzturnering Master 1516"]
[Site "Denmark"]
[Date "2016.02.09"]
[Round "5"]
[White "Hansen, Hans Valdemar"]
[Black "Christiansen, Nahmen"]
[Result "1-0"]
[WhiteElo "1812"]
[BlackElo "1710"]
[PlyCount "81"]
[EventDate "2015.10.20"]
[EventType "tourn"]
[EventRounds "9"]
[EventCountry "DEN"]
[SourceTitle "EXT 2023"]
[Source "ChessBase"]
[SourceDate "2022.10.05"]
[SourceVersion "1"]
[SourceVersionDate "2022.10.05"]
[SourceQuality "1"]

1. e4 c5 2. c3 d5 3. exd5 Qxd5 4. Nf3 Nf6 5. Na3 e6 6. Bb5+ Bd7 7. 0-0 Bxb5 8. Nxb5 Qc6 9. c4 Be7 10. Ne5 Qc8 11. d4 cxd4 12. Nxd4 0-0 13. b3 Qc5 14. Ndf3 Rd8 15. Qc2 Nbd7 16. Be3 Qc7 17. Nxf7 Kxf7 18. Ng5+ Kg8 19. Nxe6 Qe5 20. Nxd8 Ng4 21. g3 Nxe3 22. fxe3 Qxe3+ 23. Kh1 Rxd8 24. Qf5 Rf8 25. Qd5+ Kh8 26. Rfe1 Qc3 27. Rac1 Nf6 28. Qxb7 Qd2 29. Qxe7 Rg8 30. Rcd1 Qf2 31. Rf1 Qc2 32. Rd8 h6 33. Rxf6 Qb1+ 34. Kg2 Rxd8 35. Qxd8+ Kh7 36. Rf3 Qxa2+ 37. Kh3 Qa6 38. Qd3+ Kg8 39. Qf5 Qb6 40. c5 Qc6 41. Rd3 1-0

[Event "Grenzturnering Master 1516"]
[Site "Denmark"]
[Date "2015.11.17"]
[Round "2"]
[White "Langner, Michel"]
[Black "Christiansen, Nahmen"]
[Result "1/2-1/2"]
[WhiteElo "1823"]
[BlackElo "1710"]
[PlyCount "81"]
[EventDate "2015.10.20"]
[EventType "tourn"]
[EventRounds "9"]
[EventCountry "DEN"]
[SourceTitle "EXT 2023"]
[Source "ChessBase"]
[SourceDate "2022.10.05"]
[SourceVersion "1"]
[SourceVersionDate "2022.10.05"]
[SourceQuality "1"]

1. e4 c5 2. f4 Nc6 3. Nf3 d5 4. e5 Bg4 5. Be2 e6 6. c3 Qb6 7. d3 Nge7 8. h3 Bxf3 9. Bxf3 Nf5 10. g4 Nh4 11. Be2 Be7 12. Kf1 d4 13. c4 a5 14. Nd2 f6 15. exf6 gxf6 16. Qe1 Ng6 17. Ne4 Nb4 18. Qd2 e5 19. a3 Na6 20. f5 Nf4 21. Bd1 0-0-0 22. Qc2 Qc7 23. Bf3 Rdg8 24. Bd2 b6 25. b4 cxb4 26. axb4 Nxb4 27. Bxb4 Bxb4 28. Nxf6 Rf8 29. Ne4 h5 30. Rc1 Qe7 31. c5 bxc5 32. Nxc5 Qxc5 33. Qxc5+ Bxc5 34. Rxc5+ Kd7 35. Rxe5 Rb8 36. Rxa5 hxg4 37. Ra7+ Kd6 38. Ra6+ Ke5 39. Ra5+ Kf6 40. Ra6+ Ke5 41. Ra5+ 1/2-1/2